[Event "EU-chT U18"]
[Site "Iasi"]
[Date "2023.07.27"]
[Round "4.2"]
[White "Colbow, Collin"]
[Black "Piliposyan, Robert"]
[Result "1/2-1/2"]
[WhiteElo "2429"]
[BlackElo "2375"]
[PlyCount "128"]
[EventDate "2023.07.24"]
[EventType "team-swiss"]
[EventRounds "7"]
[EventCountry "ROU"]
[SourceTitle "CBM 215 Extra"]
[Source "ChessBase"]
[SourceDate "2023.09.30"]
[SourceVersion "1"]
[SourceVersionDate "2023.09.30"]
[SourceQuality "1"]
[WhiteTeam "Germany U18"]
[BlackTeam "Armenia U18"]
[WhiteTeamCountry "GER"]
[BlackTeamCountry "ARM"]

1. e4 c5 2. Nf3 Nc6 3. d4 cxd4 4. Nxd4 Nf6 5. Nc3 e5 6. Nde2 Bc5 7. Ng3 d6 8. Bc4 Bg4 9. Be2 Be6 10. 0-0 0-0 11. Nd5 h6 12. c3 Bxd5 13. exd5 Ne7 14. c4 a6 15. Bd3 b5 16. b3 bxc4 17. bxc4 Re8 18. Rb1 Ng6 19. Bxg6 fxg6 20. Qc2 Kh7 21. Kh1 Qd7 22. h3 Rab8 23. Bb2 Rbc8 24. f4 Bd4 25. Bxd4 exd4 26. f5 g5 27. Rfe1 Re3 28. Rxe3 dxe3 29. Re1 Re8 30. Nf1 e2 31. Ng3 Re3 32. Kh2 Qe7 33. Rxe2 Qe5 34. Rxe3 Qxe3 35. Qe2 Qf4 36. Qf1 Qe5 37. Qf3 Qd4 38. Qe2 Qf4 39. Qf1 Qe5 40. Qe2 Qf4 41. Qd3 Qe5 42. a3 h5 43. Kg1 h4 44. Nf1 Ne4 45. Qf3 Qd4+ 46. Kh2 Nf6 47. Ne3 Qe5+ 48. Kg1 Qa1+ 49. Nf1 Qd4+ 50. Ne3 Qa1+ 51. Nf1 Qd4+ 52. Qe3 Qxc4 53. Qxg5 Qd4+ 54. Kh1 Qf2 55. Ne3 Ne4 56. Qg6+ Kh8 57. Qh5+ Kg8 58. Qe8+ Kh7 59. Qh5+ Kg8 60. Qe8+ Kh7 61. Qxe4 Qe1+ 62. Kh2 Qg3+ 63. Kg1 Qe1+ 64. Kh2 Qg3+ 1/2-1/2

[Event "Wch U16 blitz"]
[Site "Batumi"]
[Date "2023.06.10"]
[Round "2"]
[White "Piliposyan, Robert"]
[Black "Safarov, Deniel"]
[Result "1-0"]
[WhiteElo "2448"]
[BlackElo "1950"]
[PlyCount "123"]
[EventDate "2023.06.10"]
[EventType "swiss (blitz)"]
[EventRounds "11"]
[EventCountry "GEO"]
[SourceTitle "EXT 2024"]
[Source "ChessBase"]
[SourceDate "2023.10.10"]
[SourceVersion "1"]
[SourceVersionDate "2023.10.10"]
[SourceQuality "1"]
[WhiteTeam "Armenia"]
[BlackTeam "Georgia"]
[WhiteTeamCountry "ARM"]
[BlackTeamCountry "GEO"]

1. d4 Nf6 2. c4 g6 3. Nc3 Bg7 4. Bf4 0-0 5. e3 d6 6. Nf3 Nbd7 7. h3 b6 8. Be2 Bb7 9. 0-0 Ne4 10. Nxe4 Bxe4 11. Nd2 Bb7 12. Bf3 Qc8 13. Bh2 Bxf3 14. Qxf3 c5 15. Qe4 Re8 16. Rac1 Nf6 17. Qf3 e5 18. dxe5 dxe5 19. Nb1 Qa6 20. Bxe5 Ne4 21. Bxg7 Kxg7 22. a3 Rad8 23. Rfd1 f5 24. Qf4 Qc8 25. h4 Rxd1+ 26. Rxd1 Qe6 27. b3 Re7 28. Rd5 Rd7 29. f3 Nf6 30. Rd2 Re7 31. Rd3 Nh5 32. Qb8 Qf6 33. g3 Qa1 34. Qd6 Rf7 35. Rd1 Qb2 36. Nd2 Qc3 37. Nf1 Nf6 38. Qd3 Qb2 39. a4 Qe5 40. Qd6 Qb2 41. Qd3 Qe5 42. Qe2 Nh5 43. Kg2 f4 44. Rd5 Qe6 45. g4 Nf6 46. e4 Nxg4 47. Qb2+ Nf6 48. Nh2 Kh6 49. Rg5 Rd7 50. Ng4+ Nxg4 51. Rxg4 Rd3 52. Qc1 Qd6 53. Rxf4 Rd2+ 54. Kg3 Kg7 55. e5 Qd3 56. e6 Re2 57. Rf7+ Kg8 58. Qf4 Qd8 59. Rd7 Qe8 60. Qf6 Qb8+ 61. f4 Re3+ 62. Kf2 1-0

[Event "Wch U16 blitz"]
[Site "Batumi"]
[Date "2023.06.10"]
[Round "3"]
[White "Strybuk, Artsiom I"]
[Black "Piliposyan, Robert"]
[Result "1/2-1/2"]
[WhiteElo "2303"]
[BlackElo "2448"]
[PlyCount "126"]
[EventDate "2023.06.10"]
[EventType "swiss (blitz)"]
[EventRounds "11"]
[EventCountry "GEO"]
[SourceTitle "EXT 2024"]
[Source "ChessBase"]
[SourceDate "2023.10.10"]
[SourceVersion "1"]
[SourceVersionDate "2023.10.10"]
[SourceQuality "1"]
[WhiteTeam "FIDE"]
[BlackTeam "Armenia"]
[BlackTeamCountry "ARM"]

1. d4 Nf6 2. c4 c5 3. d5 b5 4. cxb5 a6 5. e3 g6 6. Nc3 Bg7 7. a4 0-0 8. e4 d6 9. Nf3 axb5 10. Bxb5 Ba6 11. Qc2 Bxb5 12. Nxb5 Na6 13. Bd2 Nd7 14. 0-0 Nc7 15. Nxc7 Qxc7 16. Rab1 Qa7 17. b3 Rfb8 18. h4 Qa6 19. h5 Nf6 20. h6 Bf8 21. Rfc1 Ng4 22. Bg5 f6 23. Bf4 Bxh6 24. Bxh6 Nxh6 25. Nd2 Qe2 26. Re1 Qh5 27. f3 g5 28. Nc4 g4 29. Qf2 Kh8 30. Kf1 f5 31. Qb2+ Kg8 32. e5 gxf3 33. gxf3 Qxf3+ 34. Qf2 Qd3+ 35. Qe2 Qxd5 36. exd6 exd6 37. Qe6+ Qxe6 38. Rxe6 Nf7 39. Kf2 d5 40. Ne3 Kh8 41. Nxd5 c4 42. Rb6 cxb3 43. R1xb3 Rd8 44. Nc3 Ne5 45. R6b5 Ng4+ 46. Kf3 Rd3+ 47. Kf4 Ne3 48. Rb8+ Rxb8 49. Rxb8+ Kg7 50. Nb5 Kg6 51. Rb6+ Kg7 52. Rd6 Rxd6 53. Nxd6 Nd5+ 54. Kxf5 Nb4 55. a5 h5 56. Kg5 h4 57. Kxh4 Kf6 58. Kg4 Ke6 59. Ne4 Kd5 60. Kf5 Kc6 61. Ke5 Kb5 62. a6 Nxa6 63. Nc5 Nxc5 1/2-1/2

[Event "Wch U16 rapid"]
[Site "Batumi"]
[Date "2023.06.08"]
[Round "9"]
[White "Strybuk, Artsiom I"]
[Black "Piliposyan, Robert"]
[Result "1/2-1/2"]
[WhiteElo "2296"]
[BlackElo "2232"]
[PlyCount "62"]
[EventDate "2023.06.06"]
[EventType "swiss (rapid)"]
[EventRounds "11"]
[EventCountry "GEO"]
[SourceTitle "EXT 2024"]
[Source "ChessBase"]
[SourceDate "2023.10.10"]
[SourceVersion "1"]
[SourceVersionDate "2023.10.10"]
[SourceQuality "1"]
[WhiteTeam "FIDE"]
[BlackTeam "Armenia"]
[BlackTeamCountry "ARM"]

1. d4 Nf6 2. c4 e6 3. g3 d5 4. Bg2 Bb4+ 5. Nd2 0-0 6. Ngf3 dxc4 7. Qc2 a5 8. a3 Bxd2+ 9. Bxd2 b5 10. a4 Bb7 11. axb5 Qd5 12. Rxa5 Rxa5 13. Bxa5 Qxb5 14. Bxc7 Be4 15. Qd2 Nd5 16. Ba5 Nc6 17. Bc3 Nxc3 18. Qxc3 Rb8 19. 0-0 Qxb2 20. Qxc4 Bxf3 21. Bxf3 Nxd4 22. Rd1 Nxf3+ 23. exf3 Qb7 24. Kg2 h6 25. h4 Rc8 26. Qa4 Ra8 27. Qf4 Qe7 28. Rc1 Rd8 29. Rc7 Rd7 30. Rc8+ Rd8 31. Rc7 Rd7 1/2-1/2

[Event "Wch U16 rapid"]
[Site "Batumi"]
[Date "2023.06.07"]
[Round "4"]
[White "Piliposyan, Robert"]
[Black "Sapenov, Daniyal"]
[Result "1-0"]
[WhiteElo "2232"]
[BlackElo "2292"]
[PlyCount "80"]
[EventDate "2023.06.06"]
[EventType "swiss (rapid)"]
[EventRounds "11"]
[EventCountry "GEO"]
[SourceTitle "EXT 2024"]
[Source "ChessBase"]
[SourceDate "2023.10.10"]
[SourceVersion "1"]
[SourceVersionDate "2023.10.10"]
[SourceQuality "1"]
[WhiteTeam "Armenia"]
[BlackTeam "Kazakhstan"]
[WhiteTeamCountry "ARM"]
[BlackTeamCountry "KAZ"]

1. d4 Nf6 2. c4 e6 3. Nf3 d5 4. g3 dxc4 5. Bg2 Nc6 6. Qa4 Bb4+ 7. Bd2 Nd5 8. Bxb4 Ndxb4 9. Nc3 Bd7 10. 0-0 a6 11. Ne5 b5 12. Qa3 Rb8 13. Nxc6 Nxc6 14. d5 exd5 15. Nxd5 Ne7 16. Nb4 Rb6 17. Nxa6 Qc8 18. Nc5 0-0 19. Rfd1 Be6 20. Nxe6 Qxe6 21. Qc5 Ng6 22. Qxc7 Rc8 23. Rd8+ Rxd8 24. Qxd8+ Nf8 25. e3 g6 26. Rd1 Kg7 27. Qc7 Qf6 28. Rd4 Re6 29. Bd5 Re7 30. Qb8 Ne6 31. Bxe6 Rxe6 32. Qxb5 Rb6 33. Qxc4 Rxb2 34. Rf4 Rb1+ 35. Kg2 Qe7 36. a4 h5 37. h4 Qb7+ 38. Qe4 Qb3 39. Qe5+ Kg8 40. Qf6 Qb7+ 1-0

[Event "EU-ch 23rd"]
[Site "Vrnjacka Banja"]
[Date "2023.03.13"]
[Round "11"]
[White "Gokerkan, Cem Kaan"]
[Black "Piliposyan, Robert"]
[Result "1/2-1/2"]
[WhiteElo "2486"]
[BlackElo "2314"]
[PlyCount "49"]
[EventDate "2023.03.03"]
[EventType "swiss"]
[EventRounds "11"]
[EventCountry "SRB"]
[SourceTitle "CBM 213"]
[Source "ChessBase"]
[SourceDate "2023.04.30"]
[SourceVersion "1"]
[SourceVersionDate "2023.04.30"]
[SourceQuality "1"]

1. e4 c5 2. c3 Nf6 3. e5 Nd5 4. Nf3 Nc6 5. d4 cxd4 6. Bc4 Nb6 7. Bb3 d5 8. exd6 Qxd6 9. 0-0 Be6 10. Bxe6 Qxe6 11. Nxd4 Nxd4 12. Qxd4 Rd8 13. Qh4 Qe2 14. Be3 e6 15. Nd2 Be7 16. Qg3 0-0 17. Rfe1 Qd3 18. Nf3 Bf6 19. h4 Nc4 20. Bxa7 Nxb2 21. Bd4 Bxd4 22. cxd4 Nc4 23. Rad1 Qf5 24. Ne5 Nxe5 25. dxe5 1/2-1/2

[Event "EU-ch 23rd"]
[Site "Vrnjacka Banja"]
[Date "2023.03.11"]
[Round "9"]
[White "Royal, Shreyas"]
[Black "Piliposyan, Robert"]
[Result "1/2-1/2"]
[WhiteElo "2452"]
[BlackElo "2314"]
[PlyCount "46"]
[EventDate "2023.03.03"]
[EventType "swiss"]
[EventRounds "11"]
[EventCountry "SRB"]
[SourceTitle "CBM 213"]
[Source "ChessBase"]
[SourceDate "2023.04.30"]
[SourceVersion "1"]
[SourceVersionDate "2023.04.30"]
[SourceQuality "1"]

1. e4 c5 2. Nf3 e6 3. d4 cxd4 4. Nxd4 Nf6 5. Nc3 Nc6 6. a3 Be7 7. Be3 Qc7 8. Be2 a6 9. f4 d6 10. 0-0 0-0 11. Nb3 b5 12. Bf3 Bb7 13. Qe2 Rac8 14. Rad1 b4 15. axb4 Nxb4 16. Rfe1 d5 17. e5 Ne4 18. Bd4 Nxc3 19. bxc3 Nc6 20. Bf2 Na5 21. Bd4 Nc6 22. Bf2 Na5 23. Bd4 Nc6 1/2-1/2

[Event "EU-ch 23rd"]
[Site "Vrnjacka Banja"]
[Date "2023.03.10"]
[Round "8"]
[White "Piliposyan, Robert"]
[Black "Stefansson, Vignir Vatnar"]
[Result "1/2-1/2"]
[WhiteElo "2314"]
[BlackElo "2461"]
[PlyCount "58"]
[EventDate "2023.03.03"]
[EventType "swiss"]
[EventRounds "11"]
[EventCountry "SRB"]
[SourceTitle "CBM 213"]
[Source "ChessBase"]
[SourceDate "2023.04.30"]
[SourceVersion "1"]
[SourceVersionDate "2023.04.30"]
[SourceQuality "1"]

1. d4 d5 2. Nf3 e6 3. c4 c6 4. cxd5 exd5 5. Nc3 Nf6 6. Bg5 Bd6 7. e3 0-0 8. Qc2 Re8 9. Bd3 h6 10. Bh4 Be6 11. 0-0 Nbd7 12. Rab1 a5 13. a3 Qb8 14. Bg3 Bxg3 15. hxg3 Qd6 16. b4 axb4 17. axb4 b5 18. Qb2 Nb6 19. Ra1 Nfd7 20. Nd2 g6 21. e4 dxe4 22. Ncxe4 Qd5 23. Nc5 Bf5 24. Bxf5 Qxf5 25. Rxa8 Rxa8 26. Nxd7 Qxd7 27. Nf3 Nc4 28. Qc1 Kg7 29. Qf4 Ra4 1/2-1/2